00708nam a2200205 a 450000100100000000500170001000800410002702000150006804000250008308200150010810000370012324500750016025000180023526000540025330000210030770000350032804900090036395201130037299900170048500002310120240306073910.0101126s2004 cu r 000 f spa d a9592710074 aDO-SdBNPbspacBNPHU axxxbM378i1 aMartí, José,d1853-1895964513aLa Ilíada de Homero /cJosé Martí, edición Ela López Ugarte. aEd. crítica aLa Habana :bCentro de Estudios Martianos,c2004. a101 p. ;c18 cm.1 aLópez Ugarte, Elaeed.98795 aBNGR 001050718MOaGRbGRcCTd2010-11-26iLF1l0oxxx M378ip23101-10r2020-06-25w2020-06-25y1ZNo se presta c22598d22598